Himalaya/ (Record no. 194162)

MARC details
000 -LEADER
fixed length control field 00564nam a22001817a 4500
005 - DATE AND TIME OF LATEST TRANSACTION
control field 20221209101736.0
010 ## - LCCN (DPL NO)
LC control number ENG-135771
020 ## - INTERNATIONAL STANDARD BOOK NUMBER
International Standard Book Number 978-93-85288-92-0
Terms of availability 799.00
035 ## - SYSTEM CONTROL NUMBER
System control number EN-119303
037 ## - SOURCE OF ACQUISITION
Source of stock number/acquisition DBAD/PUB
082 ## - DEWEY DECIMAL CLASSIFICATION NUMBER
Classification number 915.49604
245 ## - TITLE STATEMENT
Title Himalaya/
Statement of responsibility, etc edited by Ruskin Bond and Namita Gokhale
260 ## - PUBLICATION, DISTRIBUTION, ETC. (IMPRINT)
Place of publication, distribution, etc New Delhi
Name of publisher, distributor, etc Speaking Tiger Publishing pvt.ltd.
Date of publication, distribution, etc 2016
270 ## - ADDRESS
Address 4381/4, Ansari Road, Daryaganj
City New Delhi
Postal code 110002
300 ## - PHYSICAL DESCRIPTION
Extent xviii,444p.
Dimensions 22cm(hbk)
700 ## - ADDED ENTRY--PERSONAL NAME
Personal name Ruskin Bond
942 ## - ADDED ENTRY ELEMENTS (KOHA)
Source of classification or shelving scheme Dewey Decimal Classification
Item type English Books
Call number suffix HIM
Classification part 915.49604
Holdings
Withdrawn status Lost status Not for loan Home library Current library Date acquired Source of acquisition Cost, normal purchase price Full call number Barcode Copy number Cost, replacement price Koha item type
      Diz Area Diz Area 09/12/2022 DBAD/PUB 799.00 915.49604 HIM EN-119303 1 799.00 English Books

© Delhi Public Library
Hit Counter
free hit counter